| 000 | 00879nam a22002535i 4500 | ||
|---|---|---|---|
| 001 | 176257 | ||
| 003 | ES-MaACL | ||
| 005 | 20230906220030.0 | ||
| 008 | 101228s1934 fr |||| | fre d | ||
| 080 | _a94(100)"15" | ||
| 100 | 1 |
_aSée, Henri. _9177592 |
|
| 245 | 1 | 3 |
_aLe XVIe siècle / _cpar Henri Sée et Armand Rebillon ; avant-propos de S. Charléty. |
| 260 |
_aParis : _bPresses Universitaires de France, _c[1934] |
||
| 300 |
_aXXIII, 410 p. ; _c20 cm. |
||
| 490 | 1 |
_aClio, introduction aux études historiques ; _v6 |
|
| 500 | _aÍndice. | ||
| 504 | _aBibliografía: p. XVII-XXIII. | ||
| 650 | 4 |
_aHistoria universal- _yS.XVI. _9144552 |
|
| 700 | 1 |
_aRebillon, Armand. _9144550 |
|
| 700 | 1 |
_aCharléty, Sébastien. _938084 |
|
| 830 | 1 |
_aClio, introduction aux études historiques ; _v6 _9189992 |
|
| 852 |
_aES-MaACL _jE-13920 _xOlim P-671 |
||
| 999 |
_c176257 _d176257 |
||